<?xml version="1.0" encoding="UTF-8"?>
<collection xmlns="http://www.loc.gov/MARC21/slim">
 <record>
  <leader>07809cam a2201045 c 4500</leader>
  <controlfield tag="001">717226409</controlfield>
  <controlfield tag="003">DE-627</controlfield>
  <controlfield tag="005">20260209093649.0</controlfield>
  <controlfield tag="007">tu</controlfield>
  <controlfield tag="008">120606s2012    gw |||||      00| ||ger c</controlfield>
  <datafield tag="010" ind1=" " ind2=" ">
   <subfield code="a">  2012489611</subfield>
  </datafield>
  <datafield tag="015" ind1=" " ind2=" ">
   <subfield code="a">12,N23</subfield>
   <subfield code="2">dnb</subfield>
  </datafield>
  <datafield tag="015" ind1=" " ind2=" ">
   <subfield code="a">12,N23</subfield>
   <subfield code="2">dnb</subfield>
  </datafield>
  <datafield tag="016" ind1="7" ind2=" ">
   <subfield code="a">1022757261</subfield>
   <subfield code="2">DE-101</subfield>
  </datafield>
  <datafield tag="020" ind1=" " ind2=" ">
   <subfield code="a">9783795426057</subfield>
   <subfield code="q">Pp. : EUR 89.00 (DE), EUR 91.50 (AT), sfr 119.00 (freier Pr.)</subfield>
  </datafield>
  <datafield tag="020" ind1=" " ind2=" ">
   <subfield code="a">3795426057</subfield>
  </datafield>
  <datafield tag="024" ind1="3" ind2=" ">
   <subfield code="a">9783795426057</subfield>
  </datafield>
  <datafield tag="035" ind1=" " ind2=" ">
   <subfield code="a">(DE-627)717226409</subfield>
  </datafield>
  <datafield tag="035" ind1=" " ind2=" ">
   <subfield code="a">(DE-603)309876338</subfield>
  </datafield>
  <datafield tag="035" ind1=" " ind2=" ">
   <subfield code="a">(DE-576)369590910</subfield>
  </datafield>
  <datafield tag="035" ind1=" " ind2=" ">
   <subfield code="a">(DE-599)DNB1022757261</subfield>
  </datafield>
  <datafield tag="035" ind1=" " ind2=" ">
   <subfield code="a">(OCoLC)816567834</subfield>
  </datafield>
  <datafield tag="035" ind1=" " ind2=" ">
   <subfield code="a">(OCoLC)802558930</subfield>
  </datafield>
  <datafield tag="035" ind1=" " ind2=" ">
   <subfield code="a">(OCoLC)816567834</subfield>
  </datafield>
  <datafield tag="040" ind1=" " ind2=" ">
   <subfield code="a">DE-627</subfield>
   <subfield code="b">ger</subfield>
   <subfield code="c">DE-627</subfield>
   <subfield code="e">rakwb</subfield>
  </datafield>
  <datafield tag="041" ind1=" " ind2=" ">
   <subfield code="a">ger</subfield>
  </datafield>
  <datafield tag="044" ind1=" " ind2=" ">
   <subfield code="c">XA-DE-BY</subfield>
  </datafield>
  <datafield tag="050" ind1=" " ind2="0">
   <subfield code="a">SB466.G3</subfield>
  </datafield>
  <datafield tag="082" ind1="0" ind2=" ">
   <subfield code="a">900</subfield>
   <subfield code="q">BSZ</subfield>
  </datafield>
  <datafield tag="082" ind1="0" ind2=" ">
   <subfield code="a">712.094309031</subfield>
  </datafield>
  <datafield tag="082" ind1="0" ind2="4">
   <subfield code="a">710</subfield>
   <subfield code="a">900</subfield>
   <subfield code="q">DNB</subfield>
  </datafield>
  <datafield tag="084" ind1=" " ind2=" ">
   <subfield code="a">9,10</subfield>
   <subfield code="2">ssgn</subfield>
  </datafield>
  <datafield tag="084" ind1=" " ind2=" ">
   <subfield code="a">ZH 9610</subfield>
   <subfield code="2">rvk</subfield>
   <subfield code="0">(DE-625)rvk/156324:</subfield>
  </datafield>
  <datafield tag="084" ind1=" " ind2=" ">
   <subfield code="a">LK 79944</subfield>
   <subfield code="2">rvk</subfield>
   <subfield code="0">(DE-625)rvk/98301:158</subfield>
  </datafield>
  <datafield tag="084" ind1=" " ind2=" ">
   <subfield code="a">LH 67780</subfield>
   <subfield code="2">rvk</subfield>
   <subfield code="0">(DE-625)rvk/94690:154</subfield>
  </datafield>
  <datafield tag="084" ind1=" " ind2=" ">
   <subfield code="a">ZC 50810</subfield>
   <subfield code="2">rvk</subfield>
   <subfield code="0">(DE-625)rvk/154916:1561</subfield>
  </datafield>
  <datafield tag="084" ind1=" " ind2=" ">
   <subfield code="a">RC 20915</subfield>
   <subfield code="2">rvk</subfield>
   <subfield code="0">(DE-625)rvk/142224:12902</subfield>
  </datafield>
  <datafield tag="084" ind1=" " ind2=" ">
   <subfield code="a">LK 79940</subfield>
   <subfield code="2">rvk</subfield>
   <subfield code="0">(DE-625)rvk/98301:154</subfield>
  </datafield>
  <datafield tag="084" ind1=" " ind2=" ">
   <subfield code="a">ZH 9710</subfield>
   <subfield code="2">rvk</subfield>
   <subfield code="0">(DE-625)rvk/156331:1561</subfield>
  </datafield>
  <datafield tag="084" ind1=" " ind2=" ">
   <subfield code="a">21.74</subfield>
   <subfield code="2">bkl</subfield>
  </datafield>
  <datafield tag="245" ind1="0" ind2="0">
   <subfield code="a">Gartenkunst in Deutschland</subfield>
   <subfield code="b">von der Frühen Neuzeit bis zur Gegenwart ; Geschichte - Themen - Perspektiven</subfield>
   <subfield code="c">Stefan Schweizer ... (Hrsg.)</subfield>
  </datafield>
  <datafield tag="250" ind1=" " ind2=" ">
   <subfield code="a">1. Aufl.</subfield>
  </datafield>
  <datafield tag="264" ind1=" " ind2="1">
   <subfield code="a">Regensburg</subfield>
   <subfield code="b">Schnell + Steiner</subfield>
   <subfield code="c">2012</subfield>
  </datafield>
  <datafield tag="300" ind1=" " ind2=" ">
   <subfield code="a">576 S.</subfield>
   <subfield code="b">zahlr. Ill., graph. Darst., Kt.</subfield>
   <subfield code="c">31 cm</subfield>
  </datafield>
  <datafield tag="336" ind1=" " ind2=" ">
   <subfield code="a">Text</subfield>
   <subfield code="b">txt</subfield>
   <subfield code="2">rdacontent</subfield>
  </datafield>
  <datafield tag="337" ind1=" " ind2=" ">
   <subfield code="a">ohne Hilfsmittel zu benutzen</subfield>
   <subfield code="b">n</subfield>
   <subfield code="2">rdamedia</subfield>
  </datafield>
  <datafield tag="338" ind1=" " ind2=" ">
   <subfield code="a">Band</subfield>
   <subfield code="b">nc</subfield>
   <subfield code="2">rdacarrier</subfield>
  </datafield>
  <datafield tag="500" ind1=" " ind2=" ">
   <subfield code="a">Literaturangaben</subfield>
  </datafield>
  <datafield tag="520" ind1=" " ind2=" ">
   <subfield code="a">Das opulent ausgestattete Überblickswerk schließt eine seit Jahren beklagte Lücke auf dem Forschungsfeld der Gartenkunstgeschichte. Erstmals wird sie nicht nach tradierter Epocheneinteilung vollzogen, sondern berücksichtigt neue fachspezifische Erkenntnisinteressen, Themen, Methoden und Deutungen. 28 Expertinnen und Experten erschließen die gesamte Themenbreite der Gartenkunstgeschichte von der Frühen Neuzeit bis zur Gegenwart. -  - Das Spektrum der handbuchartigen Beiträge reicht von der Gattungs- und Professionsgeschichte, über die Kunst- und Mediengeschichte bis zur Sozial-, Wirtschafts-, Technik- und Wissenschaftsgeschichte des Gartens. Dabei stehen Fragen nach dem Kunstwerkcharakter von Gärten, nach den Auftraggebern und Gestaltern, den ökonomischen Grundlagen und der künstlerischen Gestaltung ebenso im Blickpunkt wie die diskursive und mediale Vermittlung durch Philosophie, Kunst, Literatur, Musik, Theater und Film. Zudem wird das Verhältnis der Gartenkunst zu Gartenbau, Gartentechnik und Naturwissenschaft sowie ihre Stellung in Kunstgeschichte, Denkmalpflege und Landschaftsarchitektur reflektiert. -  - Erstes Überblickswerk, das die Gartenkunst in Deutschland in all seinen historischen und forschungsrelevanten Facetten interdisziplinär thematisiert. -  - Reiche Ausstattung mit z.T. noch nicht veröffentlichtem Bildmaterial. -  - Aktualisiert das 3-bändige Standardwerk Geschichte der deutschen Gartenkunst, Hamburg 1962-1965</subfield>
  </datafield>
  <datafield tag="583" ind1="1" ind2=" ">
   <subfield code="a">Archivierung/Langzeitarchivierung gewährleistet</subfield>
   <subfield code="f">SSG</subfield>
   <subfield code="x">XA-DE-BW</subfield>
   <subfield code="2">pdager</subfield>
   <subfield code="5">DE-16</subfield>
  </datafield>
  <datafield tag="650" ind1=" " ind2="0">
   <subfield code="a">Gardens</subfield>
   <subfield code="z">Germany</subfield>
  </datafield>
  <datafield tag="650" ind1=" " ind2="0">
   <subfield code="a">Landscape gardening</subfield>
   <subfield code="z">Germany</subfield>
  </datafield>
  <datafield tag="650" ind1=" " ind2="0">
   <subfield code="a">Gardens</subfield>
   <subfield code="z">Germany</subfield>
   <subfield code="x">Historiography</subfield>
  </datafield>
  <datafield tag="650" ind1=" " ind2="4">
   <subfield code="a">Gartenkunst</subfield>
  </datafield>
  <datafield tag="655" ind1=" " ind2="7">
   <subfield code="a">Einführung</subfield>
   <subfield code="0">(DE-588)4151278-9</subfield>
   <subfield code="0">(DE-627)104450460</subfield>
   <subfield code="0">(DE-576)209786884</subfield>
   <subfield code="2">gnd-content</subfield>
  </datafield>
  <datafield tag="655" ind1=" " ind2="7">
   <subfield code="a">Aufsatzsammlung</subfield>
   <subfield code="0">(DE-588)4143413-4</subfield>
   <subfield code="0">(DE-627)105605727</subfield>
   <subfield code="0">(DE-576)209726091</subfield>
   <subfield code="2">gnd-content</subfield>
  </datafield>
  <datafield tag="689" ind1="0" ind2="0">
   <subfield code="d">g</subfield>
   <subfield code="0">(DE-588)4011882-4</subfield>
   <subfield code="0">(DE-627)104704861</subfield>
   <subfield code="0">(DE-576)208896155</subfield>
   <subfield code="a">Deutschland</subfield>
   <subfield code="2">gnd</subfield>
  </datafield>
  <datafield tag="689" ind1="0" ind2="1">
   <subfield code="d">s</subfield>
   <subfield code="0">(DE-588)4125179-9</subfield>
   <subfield code="0">(DE-627)104642653</subfield>
   <subfield code="0">(DE-576)209574410</subfield>
   <subfield code="a">Gartenkunst</subfield>
   <subfield code="2">gnd</subfield>
  </datafield>
  <datafield tag="689" ind1="0" ind2="2">
   <subfield code="a">z</subfield>
   <subfield code="2">gnd</subfield>
   <subfield code="a">Geschichte 1500-</subfield>
  </datafield>
  <datafield tag="689" ind1="0" ind2=" ">
   <subfield code="5">DE-101</subfield>
  </datafield>
  <datafield tag="700" ind1="1" ind2=" ">
   <subfield code="a">Schweizer, Stefan</subfield>
   <subfield code="d">1968-</subfield>
   <subfield code="e">Hrsg.</subfield>
   <subfield code="0">(DE-588)132061759</subfield>
   <subfield code="0">(DE-627)517460815</subfield>
   <subfield code="0">(DE-576)280501196</subfield>
   <subfield code="4">edt</subfield>
  </datafield>
  <datafield tag="787" ind1="0" ind2="8">
   <subfield code="i">Rezensiert in</subfield>
   <subfield code="a">Schmitz, Rainer</subfield>
   <subfield code="t">[Rezension von: Stefan Schweizer / Sascha Winter (Hrsg.), Gartenkunst in Deutschland. Von der Frühen Neuzeit bis zur Gegenwart. Geschichte - Themen - Perspektiven]</subfield>
   <subfield code="d">2013</subfield>
   <subfield code="w">(DE-627)1801017832</subfield>
  </datafield>
  <datafield tag="787" ind1="0" ind2="8">
   <subfield code="i">Rezensiert in</subfield>
   <subfield code="t">[Rezension]</subfield>
   <subfield code="d">2014</subfield>
   <subfield code="w">(DE-627)1752526007</subfield>
  </datafield>
  <datafield tag="787" ind1="0" ind2="8">
   <subfield code="i">Rezensiert in</subfield>
   <subfield code="t">[Rezension]</subfield>
   <subfield code="d">2014</subfield>
   <subfield code="w">(DE-627)1752538730</subfield>
  </datafield>
  <datafield tag="856" ind1="4" ind2="2">
   <subfield code="u">http://www.gbv.de/dms/weimar/toc/717226409_toc.pdf</subfield>
   <subfield code="m">V:DE-601</subfield>
   <subfield code="m">B:DE-Wim2</subfield>
   <subfield code="x">Verlag</subfield>
   <subfield code="y">Inhaltsverzeichnis</subfield>
   <subfield code="3">Inhaltsverzeichnis</subfield>
   <subfield code="7">1</subfield>
  </datafield>
  <datafield tag="856" ind1="4" ind2="2">
   <subfield code="u">https://swbplus.bsz-bw.de/bsz369590910rez.htm</subfield>
   <subfield code="m">B:DE-576;DE-16</subfield>
   <subfield code="q">application/pdf</subfield>
   <subfield code="v">20130618094638</subfield>
   <subfield code="x">Verlag</subfield>
   <subfield code="3">Rezension</subfield>
   <subfield code="7">1</subfield>
  </datafield>
  <datafield tag="856" ind1="4" ind2="2">
   <subfield code="u">http://deposit.dnb.de/cgi-bin/dokserv?id=4046887&amp;prov=M&amp;dok_var=1&amp;dok_ext=htm</subfield>
   <subfield code="m">X: MVB</subfield>
   <subfield code="q">text/html</subfield>
   <subfield code="v">2013-05-01</subfield>
   <subfield code="x">Verlag</subfield>
   <subfield code="3">Inhaltstext</subfield>
   <subfield code="7">1</subfield>
  </datafield>
  <datafield tag="856" ind1="4" ind2="2">
   <subfield code="u">http://scans.hebis.de/HEBCGI/show.pl?30987633_rez.pdf</subfield>
   <subfield code="m">V:DE-576;B:DE-16</subfield>
   <subfield code="q">application/pdf</subfield>
   <subfield code="3">Rezension</subfield>
   <subfield code="7">1</subfield>
  </datafield>
  <datafield tag="856" ind1="4" ind2="2">
   <subfield code="u">http://scans.hebis.de/HEBCGI/show.pl?30987633_toc.pdf</subfield>
   <subfield code="m">V:DE-603;B:DE-17</subfield>
   <subfield code="q">application/pdf</subfield>
   <subfield code="3">Inhaltsverzeichnis</subfield>
   <subfield code="7">1</subfield>
  </datafield>
  <datafield tag="856" ind1="4" ind2="2">
   <subfield code="u">http://www.perlentaucher.de/buch/stefan-schweizer-sascha-winter/gartenkunst-in-deutschland.html</subfield>
   <subfield code="x">Verlag</subfield>
   <subfield code="3">Rezension</subfield>
   <subfield code="7">1</subfield>
  </datafield>
  <datafield tag="856" ind1="4" ind2="2">
   <subfield code="u">http://www.sehepunkte.de/2013/06/23587.html</subfield>
   <subfield code="x">Verlag</subfield>
   <subfield code="3">Rezension</subfield>
   <subfield code="7">1</subfield>
  </datafield>
  <datafield tag="935" ind1=" " ind2=" ">
   <subfield code="i">Blocktest</subfield>
  </datafield>
  <datafield tag="936" ind1="r" ind2="v">
   <subfield code="a">ZH 9610</subfield>
   <subfield code="b">Geschichte der Landschaftsplanung</subfield>
   <subfield code="k">Technik</subfield>
   <subfield code="k">Architektur</subfield>
   <subfield code="k">Landschaftsarchitektur/Landschaftsplanung</subfield>
   <subfield code="k">Geschichte der Landschaftsplanung</subfield>
   <subfield code="0">(DE-627)1270893939</subfield>
   <subfield code="0">(DE-625)rvk/156324:</subfield>
   <subfield code="0">(DE-576)200893939</subfield>
  </datafield>
  <datafield tag="936" ind1="r" ind2="v">
   <subfield code="a">LK 79944</subfield>
   <subfield code="b">19. und 20. Jahrhundert</subfield>
   <subfield code="k">Kunstgeschichte</subfield>
   <subfield code="k">Kunst nach Ländern bzw. Kontinenten</subfield>
   <subfield code="k">Deutschland</subfield>
   <subfield code="k">Deutsche Kunstgeschichte nach Gattungen</subfield>
   <subfield code="k">Architektur</subfield>
   <subfield code="k">Ordnung nach Aufgaben</subfield>
   <subfield code="k">Gartenarchitektur, Landschaftsgarten</subfield>
   <subfield code="k">19. und 20. Jahrhundert</subfield>
   <subfield code="0">(DE-627)1271601117</subfield>
   <subfield code="0">(DE-625)rvk/98301:158</subfield>
   <subfield code="0">(DE-576)201601117</subfield>
  </datafield>
  <datafield tag="936" ind1="r" ind2="v">
   <subfield code="a">LH 67780</subfield>
   <subfield code="b">allgemein</subfield>
   <subfield code="k">Kunstgeschichte</subfield>
   <subfield code="k">Allgemeines. Allgemeine Kunstgeschichte</subfield>
   <subfield code="k">Kunstgeschichte einzelner Gattungen der Kunst</subfield>
   <subfield code="k">Architektur</subfield>
   <subfield code="k">Ordnung nach Aufgaben</subfield>
   <subfield code="k">Gartenarchitektur, Landschaftsgarten</subfield>
   <subfield code="k">allgemein</subfield>
   <subfield code="0">(DE-627)1271106434</subfield>
   <subfield code="0">(DE-625)rvk/94690:154</subfield>
   <subfield code="0">(DE-576)201106434</subfield>
  </datafield>
  <datafield tag="936" ind1="r" ind2="v">
   <subfield code="a">ZC 50810</subfield>
   <subfield code="b">Deutschland allgemein</subfield>
   <subfield code="k">Agrar- und Forstwissenschaft, Gartenbau, Ernährungs- und Haushaltswissenschaft</subfield>
   <subfield code="k">Garten-, Obst- und Weinbau</subfield>
   <subfield code="k">Gartenbau</subfield>
   <subfield code="k">Geschichte des Gartenbaus</subfield>
   <subfield code="k">Europa</subfield>
   <subfield code="k">Mitteleuropa</subfield>
   <subfield code="k">Deutschland</subfield>
   <subfield code="k">Deutschland allgemein</subfield>
   <subfield code="0">(DE-627)1272425231</subfield>
   <subfield code="0">(DE-625)rvk/154916:1561</subfield>
   <subfield code="0">(DE-576)202425231</subfield>
  </datafield>
  <datafield tag="936" ind1="r" ind2="v">
   <subfield code="a">RC 20915</subfield>
   <subfield code="b">Naturschutz, Landschaftspflege, Landschaftsgestaltung, Umweltschutz</subfield>
   <subfield code="k">Geografie</subfield>
   <subfield code="k">Regionale Geografie</subfield>
   <subfield code="k">Europa</subfield>
   <subfield code="k">Mitteleuropa</subfield>
   <subfield code="k">Deutschland</subfield>
   <subfield code="k">Deutschland</subfield>
   <subfield code="k">Angewandte Geografie</subfield>
   <subfield code="k">Teilgebiete und Einzelfragen</subfield>
   <subfield code="k">Naturschutz, Landschaftspflege, Landschaftsgestaltung, Umweltschutz</subfield>
   <subfield code="0">(DE-627)1271489465</subfield>
   <subfield code="0">(DE-625)rvk/142224:12902</subfield>
   <subfield code="0">(DE-576)201489465</subfield>
  </datafield>
  <datafield tag="936" ind1="r" ind2="v">
   <subfield code="a">LK 79940</subfield>
   <subfield code="b">allgemein</subfield>
   <subfield code="k">Kunstgeschichte</subfield>
   <subfield code="k">Kunst nach Ländern bzw. Kontinenten</subfield>
   <subfield code="k">Deutschland</subfield>
   <subfield code="k">Deutsche Kunstgeschichte nach Gattungen</subfield>
   <subfield code="k">Architektur</subfield>
   <subfield code="k">Ordnung nach Aufgaben</subfield>
   <subfield code="k">Gartenarchitektur, Landschaftsgarten</subfield>
   <subfield code="k">allgemein</subfield>
   <subfield code="0">(DE-627)1270652966</subfield>
   <subfield code="0">(DE-625)rvk/98301:154</subfield>
   <subfield code="0">(DE-576)200652966</subfield>
  </datafield>
  <datafield tag="936" ind1="r" ind2="v">
   <subfield code="a">ZH 9710</subfield>
   <subfield code="b">Deutschland allgemein</subfield>
   <subfield code="k">Technik</subfield>
   <subfield code="k">Architektur</subfield>
   <subfield code="k">Landschaftsarchitektur/Landschaftsplanung</subfield>
   <subfield code="k">Landschaftsgestaltung in einzelnen Ländern</subfield>
   <subfield code="k">Europa</subfield>
   <subfield code="k">Mitteleuropa</subfield>
   <subfield code="k">Deutschland</subfield>
   <subfield code="k">Deutschland allgemein</subfield>
   <subfield code="0">(DE-627)1270641581</subfield>
   <subfield code="0">(DE-625)rvk/156331:1561</subfield>
   <subfield code="0">(DE-576)200641581</subfield>
  </datafield>
  <datafield tag="936" ind1="b" ind2="k">
   <subfield code="a">21.74</subfield>
   <subfield code="j">Landschaftsgestaltung</subfield>
   <subfield code="j">Gartenkunst</subfield>
   <subfield code="0">(DE-627)106417894</subfield>
  </datafield>
  <datafield tag="936" ind1="s" ind2="n">
   <subfield code="a">l300</subfield>
   <subfield code="2">mzub</subfield>
  </datafield>
  <datafield tag="936" ind1="s" ind2="n">
   <subfield code="a">r100</subfield>
   <subfield code="2">mzub</subfield>
  </datafield>
  <datafield tag="936" ind1="s" ind2="n">
   <subfield code="a">z210</subfield>
   <subfield code="2">mzub</subfield>
  </datafield>
  <datafield tag="936" ind1="s" ind2="n">
   <subfield code="a">z100</subfield>
   <subfield code="2">mzub</subfield>
  </datafield>
  <datafield tag="951" ind1=" " ind2=" ">
   <subfield code="a">BO</subfield>
  </datafield>
  <datafield tag="990" ind1=" " ind2=" ">
   <subfield code="a">Deutschland</subfield>
  </datafield>
  <datafield tag="990" ind1=" " ind2=" ">
   <subfield code="a">Gartenkunst</subfield>
  </datafield>
  <datafield tag="990" ind1=" " ind2=" ">
   <subfield code="a">Geschichte 1500-</subfield>
  </datafield>
  <datafield tag="991" ind1=" " ind2=" ">
   <subfield code="a">Rezensiertes Werk</subfield>
  </datafield>
  <datafield tag="999" ind1=" " ind2=" ">
   <subfield code="a">KXP-PPN717226409</subfield>
   <subfield code="e">4179794055</subfield>
  </datafield>
 </record>
</collection>
